| 000 | 00701nam a22002417a 4500 | ||
|---|---|---|---|
| 001 | 93477 | ||
| 003 | UA-OsUOA | ||
| 005 | 20251218115418.0 | ||
| 007 | ta | ||
| 008 | 20130121b un ||||| |||| 00| 0 ukr d | ||
| 040 |
_aUA-OsUOA _brus _cUA-OsUOA _dUA-OsUOA |
||
| 041 | _arus | ||
| 080 | _a821.111 | ||
| 090 |
_a821.111 _bГ21 |
||
| 100 |
_aГаррет Р. _922983 |
||
| 245 |
_aСистема. Дело на миллион. Рассказы _cР. Гаррет |
||
| 260 |
_aГомель _c1992 |
||
| 300 | _a311 с. | ||
| 505 | _gТ. 4 | ||
| 650 | 7 |
_a821 Художня література окремими мовами і мовними сім'ями _2UDC _917 |
|
| 942 |
_cBK _2udc |
||
| 955 | _a3 | ||
| 999 |
_c379719 _d379719 |
||